000
00292nam a22001337a 4500
008
180911b xxu||||| |||| 00| 0 eng d
020
_a
093573404
041
_a
eng
080
_a
574
100
_a
9
101
_a
MJE
245
_a
Soil Conversation Policies
_c
Warner, R.C
942
_2
udc
_c
BK
999
_c
47663
_d
47663